000 01032pam a2200301 a 4500
999 _c19414
_d19414
001 480925
003 BDDh-ASL
005 20231015025759.0
008 850102r19851976ctub b 001 0 eng
010 _a 84029038
020 _a0313248419 (lib. bdg.)
040 _aDLC
_cDLC
_dBDDh-ASL
043 _ae------
050 0 0 _aD363
_b.S4 1985
082 0 0 _a940.28
_219
_bSEF
100 1 _aSeaman, L. C. B.
_q(Lewis Charles Bernard)
245 1 0 _aFrom Vienna to Versailles /
_cby L.C.B. Seaman.
260 _aWestport, Conn. :
_bGreenwood Press,
_c1985.
_c1976.
300 _axii, 216 p. :
_bmaps ;
_c23 cm.
500 _aReprint. Originally published: London : Methuen, 1955.
504 _aIncludes bibliographies and index.
651 0 _aEurope
_xForeign relations
_y1815-1871.
651 0 _aEurope
_xForeign relations
_y1871-1918.
651 0 _aEurope
_xPolitics and government
_y1815-1871.
651 0 _aEurope
_xPolitics and government
_y1871-1918.
906 _a7
_bcbc
_corignew
_d1
_eocip
_f19
_gy-gencatlg
942 _2ddc
_cBK